Once upon a time (Record no. 8557)

MARC details
000 -LEADER
fixed length control field 00641cam a2200241ua 4500
001 - CONTROL NUMBER
control field 9533
005 - DATE AND TIME OF LATEST TRANSACTION
control field 20260515114457.0
008 - FIXED-LENGTH DATA ELEMENTS--GENERAL INFORMATION
fixed length control field 160125n ii |||gr||||Z||||||eng
020 ## - INTERNATIONAL STANDARD BOOK NUMBER
International Standard Book Number 9788175961722
040 ## - CATALOGING SOURCE
Transcribing agency MAIN
041 ## - LANGUAGE CODE
Language code of text/sound track or separate title eng
082 ## - DEWEY DECIMAL CLASSIFICATION NUMBER
Classification number 808.84
100 ## - MAIN ENTRY--PERSONAL NAME
Personal name Sharma, Charu,
Relator term Editor.
245 ## - TITLE STATEMENT
Title Once upon a time
Statement of responsibility, etc. ed. by Charu Sharma
250 ## - EDITION STATEMENT
Edition statement 1st ed. / rep.
260 ## - PUBLICATION, DISTRIBUTION, ETC.
Place of publication, distribution, etc. New Delhi:
Name of publisher, distributor, etc. Foundation books,
Date of publication, distribution, etc. 2008.
300 ## - PHYSICAL DESCRIPTION
Extent 286p.
653 ## - INDEX TERM--UNCONTROLLED
Uncontrolled term Rhetoric & collections of literature
653 ## - INDEX TERM--UNCONTROLLED
Uncontrolled term English essays collection
653 ## - INDEX TERM--UNCONTROLLED
Uncontrolled term English text book
700 ## - ADDED ENTRY--PERSONAL NAME
Personal name Vahali, Diamond Oberoi,
Relator term Editor.
942 ## - ADDED ENTRY ELEMENTS (KOHA)
Koha item type Books
Holdings
Withdrawn status Lost status Damaged status Not for loan Home library Current library Shelving location Date acquired Total checkouts Full call number Barcode Date last seen Copy number Price effective from Koha item type
        Naharkatiya College Library Naharkatiya College Library General stacks 09/19/2020   808.84 | ONC 19535 09/19/2020 1 09/19/2020 Books